| 000 | 00000nam##2200000za#4500 |
| 001 | 9.641751 |
| 003 | CaOODSP |
| 005 | 20210624223354 |
| 007 | cr ||||||||||| |
| 008 | 150407|2011||||xxc|||||o f|0| 0 fre|d |
| 040 | |aCaOODSP|bfre |
| 043 | |an-cn--- |
| 086 | 1 |aCi64-8/2011F-PDF |
| 110 | 1 |aCanada. |bCitoyenneté et immigration Canada. |
| 245 | 10|aConsultations sur les niveaux d'immigration – 2012 et années suivantes : |h[ressource électronique]|brapport sur les résultats |
| 260 | |aOttawa - Ontario : |bCitoyenneté et Immigration Canada |c[2011]. |
| 500 | |a«Au cours de l'été 2011, Citoyenneté et Immigration Canada (CIC) a mené deux consultations distinctes, mais complémentaires, portant sur les niveaux d'immigration : A) Niveaux d'immigration de 2012 : consultation des intervenants (du 21 juin au 15 juillet 2011). B) Niveaux d'immigration et répartition des immigrants dans les catégories : consultation des intervenants et du public (tables rondes avec des intervenants, du 12 juillet au 16 août 2011; consultation en ligne auprès des intervenants et du public, du 29 août au 19 septembre 2011).»--Page 2 de 107, Résumé. |
| 590 | |a13-11-Supp|b2013-04-26 |
| 775 | 08|tConsultations on immigration levels for 2012 and beyond : |w(CaOODSP)9.697729 |
| 856 | 40|ahttp://publications.gc.ca|qPDF|s1684 Ko|uhttps://publications.gc.ca/collections/collection_2013/cic/Ci64-8-2011-fra.pdf |